000 00718nam a2200265Ia 4500
005 20260302114023.0
008 008 260114s9999 xx 000 0 eng d
020 _a9781474281478
037 _aTextbook
040 _aCRL
040 _beng
040 _cCRL
041 _2eng
041 _aeng
084 _qCRL
100 _aDavid Block
_91068262
245 0 _aPolitical Economy and Sociolinguistics Neoliberalism, Inequality and Social Class
260 _bBloomsbury
260 _bBloomsbury Academic
260 _c2018
650 _aLinguistics
856 _uhttps://dx.doi.org/10.5040/9781474281478?locatt=label:secondary_bloomsburyCollections
942 _cEBOOK
999 _c1681057
_d1681057